UM Logo

Threshold to the legal profession: (Record no. 1215)

MARC details
000 -LEADER
fixed length control field 00578nam a22001817a 4500
008 - FIXED-LENGTH DATA ELEMENTS--GENERAL INFORMATION
fixed length control field 160307b xxu||||| |||| 00| 0 eng d
020 ## - INTERNATIONAL STANDARD BOOK NUMBER
International Standard Book Number 978-974-23-6497-6
082 ## - DEWEY DECIMAL CLASSIFICATION NUMBER
Edition number 2013
Classification number DFil 340.09599
Item number D26t
100 ## - MAIN ENTRY--PERSONAL NAME
9 (RLIN) 3475
Personal name Dascil, Rogelio T.
245 ## - TITLE STATEMENT
Title Threshold to the legal profession:
Remainder of title An Introduction to law/
Statement of responsibility, etc. Rodelio T. Dascil
250 ## - EDITION STATEMENT
Edition statement 2013 Revised Edition
260 ## - PUBLICATION, DISTRIBUTION, ETC. (IMPRINT)
Place of publication, distribution, etc. Manila:
Name of publisher, distributor, etc. Rex Book Store,
Date of publication, distribution, etc. ©2013.
300 ## - PHYSICAL DESCRIPTION
Extent xix, 286 pages;
Dimensions 24 cm.
500 ## - GENERAL NOTE
General note Includes appendices.
650 #0 - SUBJECT ADDED ENTRY--TOPICAL TERM
9 (RLIN) 3477
Topical term or geographic name as entry element Law
Geographic subdivision Philippines
365 ## - TRADE PRICE
Price amount 1094.40
Currency code Php
942 ## - ADDED ENTRY ELEMENTS (KOHA)
Source of classification or shelving scheme Dewey Decimal Classification
Koha item type Reserve
Holdings
Withdrawn status Lost status Source of classification or shelving scheme Damaged status Not for loan Collection code Home library Current library Shelving location Date acquired Source of acquisition Total Checkouts Full call number Barcode Date last seen Date last checked out Copy number Cost, replacement price Price effective from Koha item type
    Dewey Decimal Classification     Filipiniana UM Digos College - LIC UM Digos College - LIC Book Cart 09/25/2014 Purchased 2 DFil 340.09599 D26t 2013 22720 05/15/2025 10/12/2017 1 1094.40 03/07/2016 Filipiniana
    Dewey Decimal Classification     Filipiniana UM Digos College - LIC UM Digos College - LIC Book Cart 09/25/2014 Purchased 14 DFil 340.09599 D26t 2013 22721 05/15/2025 10/24/2023 2 1094.40 03/07/2016 Filipiniana